000 00514nam a2200157Ia 4500
008 210716s2003 xx 000 0 und d
020 _a9781579612337
041 _aeng
082 _a657.3 BISN
100 _aBisk, Nathan M.
245 _aAccounting and reporting: taxation, managerial, governmental and not-for-profit organizations.
_bTaxation, managerial, governmental and not-for-profit organizations.
250 _a1
260 _aUSA
_bBISK
_c2003
300 _aviii,F-25,30-58
650 _aAccounting(657)
999 _c203224
_d203224